000
00315nam a2200121Ia 4500
008
191201s2008 xx 000 0 und d
100
_a
JAIN, Ashok Kumar
245
0
_a
Strength of Materials and Structural Analysis
260
_a
N. Delhi
_b
Nem Chand
_c
2008
300
_a
665
650
_a
B.Tech(CE)
942
_2
ddc
_c
BK
999
_c
6168
_d
6168